00836cam a22002291 450000100060000000300080000600500170001400800410003103500190007203500180009104000410010904100080015008200280015810000270018624500870021326000660030030000510036649000700041750400300048765000510051765100380056810561BD-RjUL20211208234957.0140125s1964 iluab b 000 0 eng  a(BD-RjUL)10609 a(OCoLC)166927 aDLCcODaWUdOCoLCdDLCdBD-RjULbeng aeng00a551.31209218bMAC 19641 aMarcus, Melvin Gerald.10aClimate-glacier studies in the Juneau Ice Field region, Alaska /cMelvin G Marcus. aChicago :bUniversity of Chicago, Dept. of Geography,cc1964. aix, 128 p. :billus., maps (1 fold.) ;c23 cm.1 aUniversity of Chicago. Dept. of Geography. Research papervno. 88 aBibliography: p. 121-128. 0aMeteorologyzJuneau Icefield (Alaska and B.C.) 0aJuneau Icefield (Alaska and B.C.)